A history of the first half-century of the national academy of sciences,1863-1913 (Record no. 1171)
[ view plain ]
| 000 -LEADER | |
|---|---|
| fixed length control field | 00643nam a2200181Ia 4500 |
| 003 - CONTROL NUMBER IDENTIFIER | |
| control field | IN-BaIIA |
| 008 - FIXED-LENGTH DATA ELEMENTS--GENERAL INFORMATION | |
| fixed length control field | 211028s9999 xx 000 0 eng d |
| 040 ## - CATALOGING SOURCE | |
| Transcribing agency | IIA Library |
| 080 ## - UNIVERSAL DECIMAL CLASSIFICATION NUMBER | |
| Universal Decimal Classification number | 61 |
| Item number | NAT |
| 245 #2 - TITLE STATEMENT | |
| Title | A history of the first half-century of the national academy of sciences,1863-1913 |
| Statement of responsibility, etc. | edited by Frederick True |
| 260 ## - PUBLICATION, DISTRIBUTION, ETC. | |
| Place of publication, distribution, etc. | Washington |
| Name of publisher, distributor, etc. | National Academy of Sciences |
| Date of publication, distribution, etc. | 1913 |
| 300 ## - PHYSICAL DESCRIPTION | |
| Extent | xi, 397p. |
| 650 ## - SUBJECT ADDED ENTRY--TOPICAL TERM | |
| Topical term or geographic name entry element | History-National Academy of Sciences |
| 9 (RLIN) | 2456 |
| 650 ## - SUBJECT ADDED ENTRY--TOPICAL TERM | |
| Topical term or geographic name entry element | NASA Thesaurus |
| 650 ## - SUBJECT ADDED ENTRY--TOPICAL TERM | |
| Topical term or geographic name entry element | National Academy of Sciences-History |
| 9 (RLIN) | 2457 |
| 700 ## - ADDED ENTRY--PERSONAL NAME | |
| Personal name | True, Frederick, ed. |
| 9 (RLIN) | 2458 |
| 942 ## - ADDED ENTRY ELEMENTS (KOHA) | |
| Koha item type | Books |
| Withdrawn status | Lost status | Damaged status | Not for loan | Home library | Current library | Shelving location | Date acquired | Total Checkouts | Full call number | Barcode | Date last seen | Price effective from | Koha item type |
|---|---|---|---|---|---|---|---|---|---|---|---|---|---|
| IIA Library-Bangalore | IIA Library-Hosakote | General Stacks | 061/ NAT | 1236 | 05/11/2021 | Books |